Ethical dilemmas of a civil servant (Record no. 3764)

MARC details
000 -LEADER
fixed length control field 00408nam a22001697a 4500
003 - CONTROL NUMBER IDENTIFIER
control field OSt
005 - DATE AND TIME OF LATEST TRANSACTION
control field 20250424120045.0
008 - FIXED-LENGTH DATA ELEMENTS--GENERAL INFORMATION
fixed length control field 250423b |||||||| |||| 00| 0 eng d
020 ## - INTERNATIONAL STANDARD BOOK NUMBER
International Standard Book Number 97878119361915
082 ## - DEWEY DECIMAL CLASSIFICATION NUMBER
Classification number 352.001
Item number SWAE
100 ## - MAIN ENTRY--PERSONAL NAME
Personal name Swarup, Anil
245 ## - TITLE STATEMENT
Title Ethical dilemmas of a civil servant
260 ## - PUBLICATION, DISTRIBUTION, ETC.
Place of publication, distribution, etc. New Delhi
Name of publisher, distributor, etc. Unique Publishers
300 ## - PHYSICAL DESCRIPTION
Extent 268
546 ## - LANGUAGE NOTE
Language note English
942 ## - ADDED ENTRY ELEMENTS (KOHA)
Source of classification or shelving scheme Dewey Decimal Classification
Koha item type Book
Holdings
Withdrawn status Lost status Source of classification or shelving scheme Damaged status Not for loan Collection code Home library Current library Shelving location Date acquired Source of acquisition Cost, normal purchase price Total Checkouts Total Renewals Full call number Barcode Date last seen Date last checked out Price effective from Koha item type
    Dewey Decimal Classification     Non-fiction RIC Library RIC Library General Stacks 04/23/2025 Gifted bu Anil Swarup 345.00 2 1 352.001 SWAE 003058 10/18/2025 09/20/2025 04/23/2025 Book

Venue

Rajasthan International Centre
Sansthan Path,JLN Marg, Jaipur- 302017
Phone: +91-7230904025